Prozessanalyse bei den Therapien jugendlicher Untersuchungsgefangener

Saved in:  
Bibliographic Details
Main Author: Deutschbein, Thomas (Author)
Format: Print Book
Language:German
Published: Rheinfelden Schäuble 1987
In: Wissenschaftsgeschichte (6)
Year: 1987
Availability in Tübingen:Present in Tübingen.
IFK: P VII 200
Check availability: HBZ Gateway
Subito Delivery Service: Order now.
Keywords:

MARC

LEADER 00000cam a2200000 c 4500
001 1623662125
003 DE-627
005 20251225202750.0
007 tu
008 870130s1987 xx ||||| m 00| ||ger c
016 7 |a 861236971  |2 DE-101 
020 |a 3877186165  |9 3-87718-616-5 
035 |a (DE-627)1623662125 
035 |a (DE-576)012488445 
035 |a (DE-599)DNB861236971 
035 |a (OCoLC)20089937 
040 |a DE-627  |b ger  |c DE-627  |e rakwb 
041 |a ger 
082 0 |a 616.89/022 
084 |a CW 8000  |2 rvk  |0 (DE-625)rvk/19207: 
084 |a CU 8000  |2 rvk  |0 (DE-625)rvk/19124: 
100 1 |a Deutschbein, Thomas  |4 aut 
245 1 0 |a Prozessanalyse bei den Therapien jugendlicher Untersuchungsgefangener  |c Thomas Deutschbein 
264 1 |a Rheinfelden  |b Schäuble  |c 1987 
300 |a VI, 339 S.  |b graph. Darst. 
336 |a Text  |b txt  |2 rdacontent 
337 |a ohne Hilfsmittel zu benutzen  |b n  |2 rdamedia 
338 |a Band  |b nc  |2 rdacarrier 
490 1 |a Wissenschaftsgeschichte  |v 6 
502 |a Zugl.: Freiburg i. Br., Univ., Diss., 1986 
583 1 |a Archivierung/Langzeitarchivierung gewährleistet  |f PEBW  |x XA-DE-BW  |2 pdager  |5 DE-31 
655 7 |a Hochschulschrift  |0 (DE-588)4113937-9  |0 (DE-627)105825778  |0 (DE-576)209480580  |2 gnd-content 
689 0 0 |d s  |0 (DE-588)4028907-2  |0 (DE-627)106276530  |0 (DE-576)208980032  |a Jugendlicher Täter  |2 gnd 
689 0 1 |d s  |0 (DE-588)4187105-4  |0 (DE-627)105274720  |0 (DE-576)210043628  |a Untersuchungsgefangener  |2 gnd 
689 0 2 |d s  |0 (DE-588)4047746-0  |0 (DE-627)106193694  |0 (DE-576)209074590  |a Psychotherapie  |2 gnd 
689 0 3 |d s  |0 (DE-588)4071034-8  |0 (DE-627)106098713  |0 (DE-576)209182709  |a Evaluation  |2 gnd 
689 0 |5 DE-101 
830 0 |a Wissenschaftsgeschichte  |v 6  |9 6  |w (DE-627)182333418  |w (DE-576)012346322  |w (DE-600)1198447-8  |x 0933-4300  |7 am 
936 r v |a CW 8000  |b Forensische Psychologie  |k Psychologie  |k Angewandte Psychologie  |k Andere Gebiete der angewandten Psychologie  |k Forensische Psychologie  |0 (DE-627)1271504383  |0 (DE-625)rvk/19207:  |0 (DE-576)201504383 
936 r v |a CU 8000  |b Allgemeines, Einführungen, Gesamtdarstellungen  |k Psychologie  |k Klinische Psychologie  |k Psychologische Behandlungsmethoden, Psychotherapie  |k Allgemeines, Einführungen, Gesamtdarstellungen  |0 (DE-627)1271481030  |0 (DE-625)rvk/19124:  |0 (DE-576)201481030 
951 |a BO 
ELC |b 1 
LOK |0 000 xxxxxcx a22 zn 4500 
LOK |0 001 3252192713 
LOK |0 003 DE-627 
LOK |0 004 1623662125 
LOK |0 005 20141202162144 
LOK |0 008 930603||||||||||||||||ger||||||| 
LOK |0 040   |a DE-21-110  |c DE-627  |d DE-21-110 
LOK |0 689   |a s  |a Untersuchungshaft 
LOK |0 689   |a s  |a Jugendliche 
LOK |0 689   |a s  |a Therapie 
LOK |0 852   |a DE-21-110 
LOK |0 852 1  |c P VII 200  |m p  |9 00 
LOK |0 935   |a k110 
LOK |0 936ln  |a 13.3 
LOK |0 938   |k p 
LOK |0 939   |a 03-06-93  |b l01 
ORI |a SA-MARC-krimdoka001.raw 
SIG |a IFK: P VII 200